Normal view MARC view
  • Youse, Bevan K

Entry Personal Name

Number of records used in: 1

001 - CONTROL NUMBER

  • control field: 102377

003 - CONTROL NUMBER IDENTIFIER

  • control field: NUST

005 - DATE AND TIME OF LATEST TRANSACTION

  • control field: 20221104120216.0

008 - FIXED-LENGTH DATA ELEMENTS

  • fixed length control field: 221104|| aca||aabn | a|a d

040 ## - CATALOGING SOURCE

  • Original cataloging agency: NUST
  • Transcribing agency: NUST

100 ## - HEADING--PERSONAL NAME

  • Personal name: Youse, Bevan K

670 ## - SOURCE DATA FOUND

  • Source citation: Work cat.: (NUST)180215: Youse, Bevan K., An Introduction to mathematics / , 1970
© 2023 Central Library, National University of Sciences and Technology. All Rights Reserved.